Jedna pogranična zemlja - Statistics

General Stats
  • This quiz has been taken 411 times
  • The average score is 7 of 17
Answer Stats
Zemlje % Correct
Kanada
84%
Portugal
69%
Vatikan
66%
San Marino
65%
Irska
64%
Danska
56%
Lesoto
46%
Ujedinjeno Kraljevstvo
42%
Haiti
38%
Dominikanska Republika
36%
Južna Koreja
34%
Papua-Nova Gvineja
28%
Katar
27%
Istočni Timor
25%
Monaco
20%
Brunej
18%
Gambija
17%
No matching quizzes found
Score Distribution
Percent of People with Each Score
Percentile by Number Answered
Your Score History
You have not taken this quiz